אוניברסיטאות ישראליות - Statistics

General Stats
  • This quiz has been taken 19 times
  • The average score is 8 of 10
Answer Stats
שם האוניברסיטה % Correct
האוניברסיטה העברית בירושלים
100%
אוניברסיטת תל אביב
100%
אוניברסיטת בן-גוריון בנגב
92%
הטכניון - מכון טכנולוגי לישראל
85%
אוניברסיטת בר-אילן
85%
אוניברסיטת אריאל בשומרון
85%
אוניברסיטת חיפה
77%
האוניברסיטה הפתוחה
69%
אוניברסיטת רייכמן
62%
מכון ויצמן למדע (מדרשת פיינברג)
23%
No matching quizzes found
Score Distribution
Percent of People with Each Score
Percentile by Number Answered
Your Score History
You have not taken this quiz